000 00659nam a2200241Ia 4500
001 3534
005 20240113233634.0
007 ta
008 050526s2000 a g b000 u hin u
040 _aCotton College,Assam
041 _ahin
082 _a891.43
_bGu 959 Hi
100 _aGupta, Sushila.
245 0 _aHindi Sahitya aur Gandhibadi Chetna /
_cSushila Gupta.
_hTextual Documents
250 _a1st ed. /
260 _aMumbai :
_bHindustani Prasar Sabha Prakashan ,
_c2000.
300 _a145p :
_bill. ;
_c16cm .
653 _aHindi literature
653 _aGen-Hindi
942 _2ddc
_cBK
999 _c3522
_d3522